Dalit Assertion in Society, Literature and History (Record no. 13963)

MARC details
000 -LEADER
fixed length control field 00604nam a2200229 a 4500
020 ## - INTERNATIONAL STANDARD BOOK NUMBER
ISBN 9788125040545
082 00 - DEWEY DECIMAL CLASSIFICATION NUMBER
Classification number 306.08991
Author Cutter AHM
100 ## - MAIN ENTRY--AUTHOR NAME
Author name Ahmad, Imtiaz
245 ## - TITLE STATEMENT
Title Dalit Assertion in Society, Literature and History
260 ## - PUBLICATION, DISTRIBUTION, ETC. (IMPRINT)
Place of publication New Delhi
Name of publisher Orient Blackswan
Year of publication 2010
300 ## - PHYSICAL DESCRIPTION
Number of Pages 320p
500 ## - GENERAL NOTE
General note includes index and biblioraphy
505 2# - FORMATTED CONTENTS NOTE
Formatted contents note glossary, notes index
650 ## - SUBJECT ADDED ENTRY--TOPICAL TERM
Topical Term Dalits and Politics
942 ## - ADDED ENTRY ELEMENTS (KOHA)
Koha item type Books
Holdings
Collection code Home library Current library Date acquired Cost, normal purchase price Full call number Accession Number Koha item type
  Henry Martyn Institute Library Henry Martyn Institute Library 05/02/2011 695.00 306.08991 AHM 023610 Books
                   Copyright © 2026 | Henry Martyn Institute | Hyderabad | TS-500052 | INDIA | Implemented by hmi.edu.in
Hit-Count:

Powered by Koha